000 00611cam a22002173a 4500
001 43031
003 PGUSA
005 20140828083958.0
008 130624s2013||||xxu|||||s|||||000 | eng d
040 _aPGUSA
_beng
042 _adc
100 1 _aFox, George
245 1 0 _aGeorge Fox :
_bAn Autobiography
_h[electronic resource] /
_cGeorge Fox
260 _bProject Gutenberg,
_c2013
506 _aPublic domain in the USA.
516 _aElectronic text
700 1 _aJones, Rufus Matthew,
_d1863-1948
830 0 _aProject Gutenberg
_v43031
856 4 0 _uhttp://www.gutenberg.org/ebooks/43031
942 _cEB
999 _c272282
_d272282